Sports Quiz

Random Sports or Rugby Quiz

European Rugby Champions/Challenge Cup Pools Quiz Stats

 Plays Quiz not verified by Sporcle

Challenge
Share
Tweet
Embed
Score 0/40 Timer 10:00
0 Plays Today
Pool Team % Correct
2Leinster
87%
1Saracens
83.1%
1Munster
83.1%
4Toulouse
83.1%
3Ulster
80.5%
4Bath
79.2%
2Wasps
74%
2Harlequins
71.4%
3Scarlets
70.1%
2Connacht
64.9%
3Leicester Tigers
63.6%
4Edinburgh
62.3%
5Gloucester
62.3%
5Ospreys
61%
5Northampton Saints
58.4%
1Cardiff Blues
57.1%
3Stade Francais
57.1%
2Exeter Chiefs
55.8%
1Sale Sharks
54.5%
4Glasgow Warriors
51.9%
Pool Team % Correct
4Montpellier
51.9%
1London Irish
51.9%
5Zebre
48.1%
3Newcastle Falcons
46.8%
3Newport Gwent Dragons
44.2%
5Brive
41.6%
5Racing Metro 92
40.3%
4London Welsh
40.3%
3RC Toulon
37.7%
5Benetton Treviso
36.4%
1ASM Clermont Auvergne
31.2%
4Lyon
27.3%
2Castres Olympique
23.4%
1Grenoble
23.4%
2La Rochelle
23.4%
5Oyonnax
23.4%
2Bayonne
22.1%
4Bordeaux Begles
22.1%
1Rovigo
15.6%
3Bucharest Wolves
14.3%

You're not logged in!

Compare scores with friends on all Sporcle quizzes.
OR
Log In

You Might Also Like...

Show Comments

Extras

Created Apr 23, 2015ReportNominate
Tags:Rugby Quiz, Rugby Union

Top Quizzes Today


Score Distribution

Your Account Isn't Verified!

In order to create a playlist on Sporcle, you need to verify the email address you used during registration. Go to your Sporcle Settings to finish the process.

Report this User

Report this user for behavior that violates our Community Guidelines.

Details: